Pekin+5 Siyasi Deklarasyonu ve Sonuç Belgesi (Record no. 4566)
[ view plain ]
| 000 -BAŞLIK | |
|---|---|
| Sabit Uzunlukta Kontrol Alanı | 01215na a2200313 4500 |
| 001 - KONTROL NUMARASI | |
| Denetim Alanı | 13232 |
| 003 - KONTROL NUMARASI IDENTIFIER | |
| Denetim Alanı | MIRAKIL |
| 005 - SON İŞLEM TARİHİ VE ZAMANI | |
| Denetim Alanı | 20181213155010.0 |
| 008 - SABİT-BOY VERİ ELEMANLARI - GENEL BİLGİLER | |
| Sabit Uzunlukta Kontrol Alanı | 161012b tu 000 0 |
| 020 ## - ULUSLARARASI STANDART KİTAP NUMARASI | |
| Uluslararası Standart Kitap Numarası | 9751928575 |
| 035 ## - SİSTEM KONTROL NUMARASI | |
| Sistem Kontrol Numarası | 13232 |
| 040 ## - KATALOGLAMA KAYNAK | |
| Orijinal Kataloglama Ajansı | Milas |
| Kataloglama Dili | tur |
| Metne Dönüştürmek Ajansı | TR-AnCHP |
| 041 ## - DİL KODU | |
| Metin / Ses Parça Veya Ayrı Başlığın Dil Kodu | tur |
| -- | eng |
| 082 ## - DEWEY ONLU SINIFLANDIRMA NUMARASI | |
| Sınıflandırma Numarası | 305.42 |
| Ürün Numarası | P34 2003 |
| 090 ## - SINIFLAMA NUMARASI | |
| Sınıflama Numarası | 305.42 P34 2003 |
| 245 ## - BAŞLIK TABLOSU | |
| Başlık | Pekin+5 Siyasi Deklarasyonu ve Sonuç Belgesi |
| Başlığın Kalan | Pekin deklarasyonu ve eylem platformu |
| Sorumluluk Tablosu, Vb | Kadının Statüsü ve Sorunları Genel Müdürlüğü |
| 246 ## - UNVAN FORM VARYING | |
| Başlık Doğru / Kısa Başlığı | Pekin deklarasyonu ve eylem platformu |
| 250 ## - EDITION TABLOSU | |
| Baskı Beyanı | 2. bs. |
| 260 ## - YAYIN, DAĞITIM, VB | |
| Yayın, Dağıtım, Vb Yeri | Ankara |
| Yayıncı, Dağıtıcı, Vs Adı | Kadının Statüsü ve Sorunları Genel Müdürlüğü |
| Yayın, Dağıtım, Vb Tarihi | 2003 |
| 300 ## - FİZİKSEL TANIM | |
| Kapsam | 393 s. |
| Boyutlar | 23 sm. |
| 500 ## - GENEL NOT | |
| Genel Not | Birleşmiş Milletler Dördüncü Dünya Kadın Konferansı Pekin, Çin 4-15 Eylül 1995 |
| 500 ## - GENEL NOT | |
| Genel Not | Birleşmiş Milletler Genel Kurul 23. Özel Oturumu (Pekin+5) New York, Abd 5-9 Haziran 2000 |
| 630 ## - KONU KATMA GİRİŞ - NAMED OLAY | |
| Üniforma Başlık | Pekin deklarasyonu ve eylem platformu |
| 650 ## - KONU KATMA GİRİŞ - TOPİKAL DÖNEM | |
| Topikal Süreli Veya Coğrafi Ad Giriş Elemanı | Sosyoloji |
| Genel Alt Bölümü | Kadınlar |
| 650 ## - KONU KATMA GİRİŞ - TOPİKAL DÖNEM | |
| Topikal Süreli Veya Coğrafi Ad Giriş Elemanı | Kadının statüsü |
| Genel Alt Bölümü | Ekonomi |
| 650 ## - KONU KATMA GİRİŞ - TOPİKAL DÖNEM | |
| Topikal Süreli Veya Coğrafi Ad Giriş Elemanı | Kadın hakları |
| Genel Alt Bölümü | Siyasal bilimler |
| 710 ## - KATMA GİRİŞ - KURUMSAL ADI | |
| Giriş Elemanı Olarak Kurumsal Ad Veya Yargı Alanı Adı | T.C. Başbakanlık Kadının Statüsü ve Sorunları Genel Müdürlüğü |
| 942 ## - EKLENDİ GİRİŞ ELEMANLARI (KOHA) | |
| Sınıflandırma Veya Raf Düzeni Kaynak | Dewey Decimal Classification |
| Koha Öğesi Türü | Books |
| 999 ## - SİSTEM KONTROL NUMARALARI (KOHA) | |
| Koha Biblionumber | 4566 |
| Koha Biblioitemnumber | 4566 |
| Kalıcı Konum | Mevcut Konum | Edinme Tarihi | Edinim Kaynak | Toplam Check-Out'Lar | Tam Çağrı Numarası | Barkod | Tarih Son Görülme | İtibaren Geçerli Fiyatlar | Koha Öğesi Türü |
|---|---|---|---|---|---|---|---|---|---|
| CHP Kütüphanesi | CHP Kütüphanesi | 08/11/2016 | Bağış | 305.42 P34 2003 | 000853 | 08/11/2016 | 08/11/2016 | Books |
